000 00683nam a2200241Ia 4500
003 OSt
005 20220918230452.0
006 a|||||r|||| 00| 0
007 ta
008 220917b |||||||| |||| 00| 0 eng d
024 _a253,998
037 _cTextual
040 _aARTS
_cARTS
_beng
041 _2eng
_aeng
082 _aT.611.N7, L3
100 _aMuncie Peter C.
_9152677
245 0 _aTorches in the night
_b educational experiences in Tanzania and the ivory coast
260 _aWashington
_bWorld Bank Group USA
_c1973
300 _a58p.
_ccm.
650 _aEDUCATION
942 _hT.611.N7, L3
_cTEXL
_2CC
999 _c288123
_d288123